000 00373nam a2200145 i 4500
001 bg
100 1 _aECKHOUSE, Richard H.
245 0 _aSystemy mikrokomputerowe :
_borganizacja i oprogramowanie /
_cRichard H. Eckhouse.
260 _aWarszawa,
_c1979.
040 _cBPK
041 _apol
080 _a681.322
942 _cKS
008 s pl f |000 0 pol
999 _c18685
_d18685
856 _uhttp://koha.tu.koszalin.pl/cgi-bin/koha/opac-detail.pl?biblionumber=18685
_yKatalog online BPK